000
00303nam a2200121 a 4500
005
20141022141959.0
008
120229s19uu xx 00 eng d
050
_a
CD
_b
V83 1999
100
_a
Vivian, John
245
_a
The media of mass communication /
_c
John Vivian.
260
_c
1999.
942
_c
AVM
999
_c
276185
_d
276185